| 000 | 00588nam a2200181 a 4500 | ||
|---|---|---|---|
| 005 | 20220831125629.0 | ||
| 008 | 991125c1998 mx 000 0 spa u | ||
| 020 | _a9701701399 | ||
| 035 | _aUPN01000009058 | ||
| 049 | _aCG | ||
| 050 | 4 |
_aLB2369 _bM8.3 |
|
| 100 | 1 | _aMuños Razo, Carlos | |
| 245 | 1 | 0 |
_aCómo elaborar y asesorar una investigación de tesis / _cCarlos Muñoz Razo. |
| 260 |
_aMéxico : _bPearson : _bPrentice-Hall-Hispanoamericana, _cc1998. |
||
| 300 |
_axxvi, 300 p. : _bfots., gráfs. |
||
| 650 | 2 |
_aTesis y disertaciones académicas _xMetodología _914125 |
|
| 905 | _aLibro | ||
| 999 |
_c9058 _d9058 |
||